Account of the operations of the Great Trigonmetrical survey of India (Record no. 98091)
[ view plain ]
| 000 -LEADER | |
|---|---|
| fixed length control field | 00440cam a2200169 4500 |
| 001 - CONTROL NUMBER | |
| control field | D14003 |
| 008 - FIXED-LENGTH DATA ELEMENTS--GENERAL INFORMATION | |
| fixed length control field | 090401t xxu||||| |||| 00| 0 eng d |
| 035 ## - SYSTEM CONTROL NUMBER | |
| System control number | (Sirsi) u94590 |
| 041 ## - LANGUAGE CODE | |
| Language code of text/sound track or separate title | eng |
| 110 ## - MAIN ENTRY--CORPORATE NAME | |
| Corporate name or jurisdiction name as entry element | Survey of India |
| 9 (RLIN) | 2931 |
| 245 ## - TITLE STATEMENT | |
| Title | Account of the operations of the Great Trigonmetrical survey of India |
| 260 ## - PUBLICATION, DISTRIBUTION, ETC. | |
| Name of publisher, distributor, etc. | Dehra Dun |
| 350 ## - PRICE (NR) (BK AM CF MU VM SE) [OBSOLETE] | |
| Price | 0 |
| 520 ## - SUMMARY, ETC. | |
| Summary, etc. | 18v only?; Room 306; Shelves 199-200 |
| 942 ## - ADDED ENTRY ELEMENTS (KOHA) | |
| Suppress in OPAC | 0 |
| 948 ## - LOCAL PROCESSING INFORMATION (OCLC); SERIES PART DESIGNATOR (RLIN) | |
| c (OCLC) | 04/03/1997 |
No items available.